[Event "IECC Y2KO email"]
[Site "IECC email"]
[Date "1999.10.14"]
[Round "?"]
[White "Amzulescu, Cezar"]
[Black "Kask, Kalle"]
[Result "1/2-1/2"]
[WhiteElo "1615"]
[BlackElo "2121"]
[PlyCount "61"]
[EventDate "1999.??.??"]
[EventType "tourn (corr)"]
[EventRounds "2"]
[SourceTitle "Corr 2008"]
[Source "ChessBase"]
[SourceDate "2008.06.24"]
[SourceVersion "1"]
[SourceVersionDate "2008.06.24"]
[SourceQuality "1"]

1. e4 e6 2. d4 d5 3. Nc3 Bb4 4. e5 c5 5. a3 Bxc3+ 6. bxc3 Ne7 7. a4 Nbc6 8. Nf3 Qa5 9. Bd2 Bd7 10. Be2 c4 11. 0-0 f6 12. exf6 gxf6 13. Nh4 0-0-0 14. Qc1 e5 15. Rb1 Rhg8 16. Qb2 Qc7 17. Be3 Nf5 18. Nxf5 Bxf5 19. f4 Be4 20. Rf2 b6 21. fxe5 fxe5 22. dxe5 Qxe5 23. Qb5 Nb8 24. Bd4 Qg5 25. Bxb6 axb6 26. Qxb6 Qxg2+ 27. Rxg2 Rxg2+ 28. Kf1 Rf8+ 29. Ke1 Nd7 30. Qc6+ Kd8 31. Rb7 1/2-1/2

[Event "IECC TH-M email"]
[Site "IECC email"]
[Date "1999.05.28"]
[Round "?"]
[White "Amzulescu, Cezar"]
[Black "Lafargue, Philippe"]
[Result "1-0"]
[WhiteElo "1515"]
[BlackElo "991"]
[PlyCount "33"]
[EventDate "1999.??.??"]
[EventType "match (corr)"]
[EventRounds "2"]
[SourceTitle "Corr 2008"]
[Source "ChessBase"]
[SourceDate "2008.06.24"]
[SourceVersion "1"]
[SourceVersionDate "2008.06.24"]
[SourceQuality "1"]

1. d4 d5 2. c4 e6 3. g3 dxc4 4. e3 b5 5. Bg2 c6 6. b3 Bb4+ 7. Bd2 c5 8. Bxb4 cxb4 9. Bxa8 Na6 10. Qg4 Qf6 11. Bc6+ Kd8 12. Qh5 g5 13. Nf3 h6 14. Ne5 Rh7 15. h4 gxh4 16. Qxh4 Ne7 17. Qxf6 1-0

[Event "IECC TH-M email"]
[Site "IECC email"]
[Date "1999.05.20"]
[Round "?"]
[White "Foch, Louis"]
[Black "Amzulescu, Cezar"]
[Result "1-0"]
[WhiteElo "1676"]
[BlackElo "1466"]
[PlyCount "49"]
[EventDate "1999.??.??"]
[EventType "match (corr)"]
[EventRounds "2"]
[SourceTitle "Corr 2008"]
[Source "ChessBase"]
[SourceDate "2008.06.24"]
[SourceVersion "1"]
[SourceVersionDate "2008.06.24"]
[SourceQuality "1"]

1. g4 d5 2. e3 e5 3. d4 exd4 4. exd4 Qe7+ 5. Be3 Qb4+ 6. Nc3 Qxb2 7. Nxd5 Bb4+ 8. Nxb4 Qxb4+ 9. Qd2 Qb2 10. Rc1 Qxa2 11. Bg2 Ne7 12. Ne2 c6 13. h3 0-0 14. c4 Qxd2+ 15. Kxd2 f5 16. g5 a5 17. Rhe1 a4 18. d5 Rd8 19. Nf4 cxd5 20. Bb6 Rd7 21. cxd5 Na6 22. Re6 Kf8 23. Rce1 Ng6 24. Nxg6+ hxg6 25. Re8+ 1-0

[Event "IECC TH-M email"]
[Site "IECC email"]
[Date "1999.05.13"]
[Round "?"]
[White "Amzulescu, Cezar"]
[Black "Wallace, Richard"]
[Result "1-0"]
[WhiteElo "1520"]
[BlackElo "857"]
[PlyCount "35"]
[EventDate "1999.??.??"]
[EventType "match (corr)"]
[EventRounds "2"]
[SourceTitle "Corr 2008"]
[Source "ChessBase"]
[SourceDate "2008.06.24"]
[SourceVersion "1"]
[SourceVersionDate "2008.06.24"]
[SourceQuality "1"]

1. e4 c5 2. Nf3 d6 3. d4 cxd4 4. Nxd4 Nf6 5. Nc3 a6 6. f4 e6 7. Qf3 Be7 8. Be2 Qc7 9. 0-0 e5 10. Nf5 0-0 11. Nxe7+ Qxe7 12. Be3 b5 13. fxe5 dxe5 14. Rad1 Nc6 15. Nd5 Qe6 16. Bc5 Re8 17. Nc7 Qd7 18. Rxd7 1-0

[Event "IECC CL5-1999.14 "]
[Site "IECC email"]
[Date "1999.05.10"]
[Round "?"]
[White "Amzulescu, Cezar"]
[Black "Jobe, Tom B"]
[Result "1/2-1/2"]
[WhiteElo "1507"]
[BlackElo "1692"]
[PlyCount "55"]
[EventDate "1999.??.??"]
[EventType "tourn (corr)"]
[EventRounds "4"]
[SourceTitle "Corr 2008"]
[Source "ChessBase"]
[SourceDate "2008.06.24"]
[SourceVersion "1"]
[SourceVersionDate "2008.06.24"]
[SourceQuality "1"]

1. e4 c5 2. Nf3 d6 3. d4 cxd4 4. Nxd4 Nf6 5. Nc3 g6 6. f4 Bg7 7. e5 dxe5 8. fxe5 Nfd7 9. e6 Ne5 10. Bb5+ Nec6 11. exf7+ Kf8 12. Nxc6 Qxd1+ 13. Nxd1 Nxc6 14. 0-0 Nd4 15. Bd3 Be6 16. Be3 Nf5 17. Rf4 Nxe3 18. Nxe3 Bxb2 19. Rb1 Be5 20. Re4 Bxa2 21. Rxb7 Bf6 22. c4 Kxf7 23. Nd5 Rhb8 24. Rbxe7+ Bxe7 25. Rxe7+ Kf8 26. Rxh7 Bb1 27. Nf6 Bxd3 28. Nd7+ 1/2-1/2

[Event "IECC CL5-1999.14 "]
[Site "IECC email"]
[Date "1999.05.10"]
[Round "?"]
[White "Simpson, Stephen"]
[Black "Amzulescu, Cezar"]
[Result "0-1"]
[WhiteElo "1445"]
[BlackElo "1504"]
[PlyCount "42"]
[EventDate "1999.??.??"]
[EventType "tourn (corr)"]
[EventRounds "4"]
[SourceTitle "Corr 2008"]
[Source "ChessBase"]
[SourceDate "2008.06.24"]
[SourceVersion "1"]
[SourceVersionDate "2008.06.24"]
[SourceQuality "1"]

1. e4 e6 2. d4 d5 3. exd5 exd5 4. Bd3 Nc6 5. Ne2 Nb4 6. Nbc3 Nxd3+ 7. Qxd3 Nf6 8. Bg5 Be7 9. 0-0-0 0-0 10. Nf4 c6 11. Rhe1 h6 12. Bxf6 Bxf6 13. Re3 Bg5 14. Nce2 Qa5 15. Kb1 b6 16. Qa3 Qxa3 17. Rxa3 Re8 18. g3 Bf6 19. Ng1 Bxd4 20. f3 a5 21. Rad3 Bc5 0-1

[Event "IECC KO email"]
[Site "IECC email"]
[Date "1999.05.08"]
[Round "?"]
[White "Fels, Bernhard"]
[Black "Amzulescu, Cezar"]
[Result "1/2-1/2"]
[WhiteElo "1355"]
[BlackElo "1542"]
[PlyCount "69"]
[EventDate "1999.??.??"]
[EventType "tourn (corr)"]
[EventRounds "6"]
[SourceTitle "Corr 2008"]
[Source "ChessBase"]
[SourceDate "2008.06.24"]
[SourceVersion "1"]
[SourceVersionDate "2008.06.24"]
[SourceQuality "1"]

1. d4 d5 2. c4 dxc4 3. e4 e5 4. Nf3 exd4 5. Bxc4 Bb4+ 6. Bd2 Bxd2+ 7. Nbxd2 Nc6 8. Nb3 Nf6 9. e5 Ng4 10. Bb5 0-0 11. Bxc6 bxc6 12. Qxd4 Qxd4 13. Nbxd4 c5 14. Nb3 Re8 15. 0-0 c4 16. Na5 Nxe5 17. Nxe5 Rxe5 18. Nxc4 Re7 19. Rfd1 Bd7 20. Rac1 Rae8 21. Ne3 Be6 22. b3 Kf8 23. Rc5 Rb8 24. Rdc1 Rb7 25. f4 f6 26. Kf2 Rd7 27. R1c2 Bf7 28. h4 h5 29. Kf3 Ke8 30. Ra5 g6 31. f5 Rd6 32. Rac5 Kd8 33. fxg6 Bxg6 34. R2c3 Bf7 35. Rc2 1/2-1/2

[Event "IECC Trio 738 email"]
[Site "IECC email"]
[Date "1999.05.01"]
[Round "?"]
[White "Hogarty, Dave"]
[Black "Amzulescu, Cezar"]
[Result "0-1"]
[WhiteElo "1435"]
[BlackElo "1512"]
[PlyCount "48"]
[EventDate "1999.??.??"]
[EventType "tourn (corr)"]
[EventRounds "4"]
[SourceTitle "Corr 2008"]
[Source "ChessBase"]
[SourceDate "2008.06.24"]
[SourceVersion "1"]
[SourceVersionDate "2008.06.24"]
[SourceQuality "1"]

1. d4 d5 2. c4 e6 3. e3 Nf6 4. Nc3 c5 5. cxd5 Nxd5 6. Nxd5 exd5 7. Nf3 c4 8. Ne5 Bd6 9. Qh5 Qe7 10. f4 0-0 11. Be2 f6 12. Nxc4 dxc4 13. Bxc4+ Be6 14. Bd3 Bb4+ 15. Kf2 f5 16. g4 Nd7 17. gxf5 Bd5 18. e4 Bxe4 19. Qe2 Rxf5 20. Bd2 Bxd2 21. Qxd2 Qh4+ 22. Ke3 Qxf4+ 23. Ke2 Qf3+ 24. Ke1 Bxd3 0-1

[Event "IECC Trio 738 email"]
[Site "IECC email"]
[Date "1999.05.01"]
[Round "?"]
[White "Johnson, Bernard S"]
[Black "Amzulescu, Cezar"]
[Result "0-1"]
[WhiteElo "1517"]
[BlackElo "1475"]
[PlyCount "74"]
[EventDate "1999.??.??"]
[EventType "tourn (corr)"]
[EventRounds "4"]
[SourceTitle "Corr 2008"]
[Source "ChessBase"]
[SourceDate "2008.06.24"]
[SourceVersion "1"]
[SourceVersionDate "2008.06.24"]
[SourceQuality "1"]

1. e4 e6 2. d4 d5 3. Nc3 Bb4 4. Nge2 dxe4 5. a3 Bxc3+ 6. Nxc3 Nc6 7. Be3 Nf6 8. Qd2 Ne7 9. 0-0-0 Ned5 10. Bg5 0-0 11. Bc4 c6 12. Rhe1 b5 13. Bb3 Qd6 14. Bxf6 Nxf6 15. g3 b4 16. axb4 a5 17. bxa5 Rxa5 18. Kb1 Ra7 19. Nxe4 Nxe4 20. Rxe4 Bb7 21. Bc4 Rfa8 22. c3 c5 23. Qf4 Ra1+ 24. Kc2 Qxf4 25. gxf4 Bxe4+ 26. Bd3 Rxd1 27. Bxe4 Raa1 28. dxc5 Rf1 29. Kd3 Rxf2 30. b4 Rxh2 31. c6 f5 32. Bf3 Rh3 33. Ke2 Ra2+ 34. Ke3 Ra3 35. Kf2 Rxc3 36. Bg2 Rc2+ 37. Kf1 Rb3 0-1

[Event "IECC CL5-1999.12"]
[Site "IECC email"]
[Date "1999.04.11"]
[Round "?"]
[White "Amzulescu, Cezar"]
[Black "Van Bommel, Ton"]
[Result "0-1"]
[WhiteElo "1470"]
[BlackElo "1562"]
[PlyCount "76"]
[EventDate "1999.??.??"]
[EventType "tourn (corr)"]
[EventRounds "4"]
[SourceTitle "Corr 2008"]
[Source "ChessBase"]
[SourceDate "2008.06.24"]
[SourceVersion "1"]
[SourceVersionDate "2008.06.24"]
[SourceQuality "1"]

1. e4 c5 2. Nc3 Nc6 3. g3 g6 4. d3 Bg7 5. Bg2 d6 6. Nf3 Nf6 7. h3 0-0 8. 0-0 Be6 9. Ng5 Bd7 10. f4 Qa5 11. Nf3 Be6 12. Ng5 Rfc8 13. e5 dxe5 14. Bxc6 Rxc6 15. fxe5 Nd7 16. Nxe6 Rxe6 17. Qf3 Nxe5 18. Qxb7 Rd8 19. Nd5 c4 20. Nf4 Red6 21. dxc4 Nxc4 22. Qxe7 Nxb2 23. Ng2 R6d7 24. Qg5 Qc3 25. Bf4 Nd1 26. Rc1 f5 27. Re1 Bf6 28. Qh6 Qc5+ 29. Ne3 Bc3 30. Rf1 Bg7 31. Qg5 Nc3 32. Rce1 Ne4 33. Qh4 Bf6 34. Qh6 g5 35. Qh5 Rd2 36. Rf3 Bd4 37. Qh6 gxf4 38. Qxf4 Qxc2 0-1

[Event "IECC CL5-1999.09"]
[Site "IECC email"]
[Date "1999.03.11"]
[Round "?"]
[White "Amzulescu, Cezar"]
[Black "Kangoz, Serhad"]
[Result "1-0"]
[WhiteElo "1490"]
[BlackElo "1522"]
[PlyCount "81"]
[EventDate "1999.??.??"]
[EventType "tourn (corr)"]
[EventRounds "4"]
[SourceTitle "Corr 2008"]
[Source "ChessBase"]
[SourceDate "2008.06.24"]
[SourceVersion "1"]
[SourceVersionDate "2008.06.24"]
[SourceQuality "1"]

1. e4 c5 2. Nf3 d6 3. d4 cxd4 4. Nxd4 Nf6 5. Nc3 g6 6. f4 Nc6 7. Nxc6 bxc6 8. e5 Nd7 9. exd6 exd6 10. Be3 Be7 11. Qf3 d5 12. 0-0-0 0-0 13. g4 Re8 14. h4 Bc5 15. Bxc5 Nxc5 16. h5 Rb8 17. hxg6 fxg6 18. Bg2 Qb6 19. b3 Ne4 20. Qh3 Nf6 21. f5 Qe3+ 22. Kb1 Qg5 23. Rdf1 Ba6 24. Rf2 Re3 25. Rf3 Rxf3 26. Bxf3 Re8 27. Bxd5+ cxd5 28. Nxd5 h5 29. Nxf6+ Qxf6 30. fxg6 Qxg6 31. gxh5 Qg5 32. h6 Kh7 33. Qh2 Re2 34. Qd6 Bb7 35. Qd3+ Re4 36. Rf1 Kxh6 37. Qd6+ Kh5 38. Qf8 Qg2 39. Rf2 Qh1+ 40. Kb2 Rg4 41. Qh8+ 1-0